Zpráva o 1. (ustavující) schůzi Sněmovny lidů 6. volební období

Salvato in:
Dettagli Bibliografici
Natura: Libro
Lingua:ceco
Pubblicazione: Praha Federální shromáždění ČSFR 1990
Tags: Aggiungi Tag
Nessun Tag, puoi essere il primo ad aggiungerne!!

MARC

LEADER 00000nam a2200000 4500
001 c031878
005 20260129105827.1
041 0 |a cze 
044 |a CZ 
245 1 0 |a Zpráva o 1. (ustavující) schůzi Sněmovny lidů  |b 6. volební období 
264 1 |a Praha  |b Federální shromáždění ČSFR  |c 1990 
300 |a 91 s.